Effect of irradiation and thermal annealing on quartz materials luminescence; IOP Conference Series: Materials Science and Engineering; Vol. 168 : Radiation-Thermal Effects and Processes in Inorganic Materials (RTEP2016)

Detalles Bibliográficos
Parent link:IOP Conference Series: Materials Science and Engineering
Vol. 168 : Radiation-Thermal Effects and Processes in Inorganic Materials (RTEP2016).— 2017.— [012033, 4 p.]
Autor principal: Korovkin M. V. Mikhail Vladimirovich
Autores Corporativos: Национальный исследовательский Томский политехнический университет (ТПУ) Институт природных ресурсов (ИПР) Кафедра геологии и разработки нефтяных месторождений (ГРНМ), Национальный исследовательский Томский политехнический университет (ТПУ) Институт природных ресурсов (ИПР) Кафедра геологии и разведки полезных ископаемых (ГРПИ)
Otros Autores: Ananieva L. G. Ludmila Gennadievna
Sumario:Title screen
X-ray and gamma-quanta irradiation of radiation-resistant quartz materials including natural and synthetic quartz crystals and high-purity quartzite causes the luminescence in the ultraviolet range (365 nm), thermally stimulated luminescence and radiofrequency electromagnetic emission. Preliminary radiation and thermal annealing improves luminescence properties of quartz materials.
Lenguaje:inglés
Publicado: 2017
Colección:Physical and chemical phenomena in inorganic materials in radiation, electrical and thermal fields
Materias:
Acceso en línea:http://dx.doi.org/10.1088/1757-899X/168/1/012033
http://earchive.tpu.ru/handle/11683/37788
Formato: MixedMaterials Electrónico Capítulo de libro
KOHA link:https://koha.lib.tpu.ru/cgi-bin/koha/opac-detail.pl?biblionumber=653808

MARC

LEADER 00000nla2a2200000 4500
001 653808
005 20240214115116.0
035 |a (RuTPU)RU\TPU\network\19323 
035 |a RU\TPU\network\19306 
090 |a 653808 
100 |a 20170330a2017 k y0engy50 ba 
101 0 |a eng 
105 |a y z 100zy 
135 |a drcn ---uucaa 
181 0 |a i  
182 0 |a b 
200 1 |a Effect of irradiation and thermal annealing on quartz materials luminescence  |f M. V. Korovkin, L. G. Ananieva 
203 |a Text  |c electronic 
225 1 |a Physical and chemical phenomena in inorganic materials in radiation, electrical and thermal fields 
300 |a Title screen 
320 |a [References: 8 tit.] 
330 |a X-ray and gamma-quanta irradiation of radiation-resistant quartz materials including natural and synthetic quartz crystals and high-purity quartzite causes the luminescence in the ultraviolet range (365 nm), thermally stimulated luminescence and radiofrequency electromagnetic emission. Preliminary radiation and thermal annealing improves luminescence properties of quartz materials. 
461 0 |0 (RuTPU)RU\TPU\network\2008  |t IOP Conference Series: Materials Science and Engineering 
463 0 |0 (RuTPU)RU\TPU\network\19289  |t Vol. 168 : Radiation-Thermal Effects and Processes in Inorganic Materials (RTEP2016)  |o XII International Conference, 4–12 September 2016, Tomsk, Russian Federation  |o [proceedings]  |v [012033, 4 p.]  |d 2017 
610 1 |a электронный ресурс 
610 1 |a труды учёных ТПУ 
610 1 |a облучение 
610 1 |a термический отжиг 
610 1 |a кварцевые материалы 
610 1 |a свечение 
610 1 |a люминесценция 
610 1 |a электромагнитная эмиссия 
700 1 |a Korovkin  |b M. V.  |c geophysicist  |c Professor of Tomsk Polytechnic University, Doctor of physical and mathematical sciences  |f 1952-  |g Mikhail Vladimirovich  |3 (RuTPU)RU\TPU\pers\32821  |9 16678 
701 1 |a Ananieva  |b L. G.  |c geologist  |c Associate Professor of Tomsk Polytechnic University, Candidate of geological and mineralogical sciences  |f 1967-  |g Ludmila Gennadievna  |3 (RuTPU)RU\TPU\pers\33250  |9 16995 
712 0 2 |a Национальный исследовательский Томский политехнический университет (ТПУ)  |b Институт природных ресурсов (ИПР)  |b Кафедра геологии и разработки нефтяных месторождений (ГРНМ)  |3 (RuTPU)RU\TPU\col\18657 
712 0 2 |a Национальный исследовательский Томский политехнический университет (ТПУ)  |b Институт природных ресурсов (ИПР)  |b Кафедра геологии и разведки полезных ископаемых (ГРПИ)  |3 (RuTPU)RU\TPU\col\18660 
801 2 |a RU  |b 63413507  |c 20180629  |g RCR 
856 4 |u http://dx.doi.org/10.1088/1757-899X/168/1/012033 
856 4 |u http://earchive.tpu.ru/handle/11683/37788 
942 |c CF